| 000 | 00653 a2200145 4500 | ||
|---|---|---|---|
| 003 | Nust | ||
| 005 | 20170207154219.0 | ||
| 020 | _a0672311046 | ||
| 040 | _cNust | ||
| 245 |
_aLinux complete: _bcommand reference _cJ. Purcell (compiler) |
||
| 260 |
_aIndiana _bRed Hat Press _c1997 |
||
| 300 | _a1527 p. | ||
| 505 | _aPart I User Commands (Page-2) Part II System Calls (Page-738) Part III Library Functions (Page-892) Part IV Special Files (Page-1064)Part V File Formats (Page-1104)Part VI Games (Page1210)Part VII Miscellaneous (Page-1214)Part VIII Administration and Privileged Commands (Page-1258) Part IX Kernel Reference Guide (page-1424) | ||
| 650 | _aLinux | ||
| 942 |
_2ddc _cBK |
||
| 999 |
_c195201 _d195201 |
||